Catalog

Record Details

Catalog Search



Jak se vám líbí  Cover Image Book Book

Jak se vám líbí / William Shakespeare ; přeložil Martin Hilský

Shakespeare, William, 1564-1616 (Author). Hilský, Martin, 1943- (Translator, Author of afterword, colophon, etc.).

Record details

  • ISBN: 80-242-0241-7
  • ISBN: 80-86316-04-1
  • Physical Description: 119 s. ; 20 cm
  • Edition: 1. vyd. v tomto souboru
  • Publisher: Praha : Evropský literární klub : 1999

Content descriptions

General Note:
Přeloženo z angličtiny
Genre: anglická dramata
komedie
English drama
comedies

Available copies

  • 1 of 1 copy available at Common Catalog SPOK.

Holds

  • 0 current holds with 1 total copy.
Show Only Available Copies
Location Call Number / Copy Notes Barcode Shelving Location Status Due Date
KDS Library 820 DH ShW 204576801615 Library Available -

LDR 01389nam a2200397 a 4500
00121242
003CZ-PrJAB
00520150714061759.0
007tu
008000515s1999 xr g 000 d cze
015 . ‡acnb000840253
020 . ‡a80-242-0241-7 ‡q(Euromedia Group - Knižní klub : ‡qváz.)
020 . ‡a80-86316-04-1 ‡q(Evropský literární klub : ‡qváz.)
035 . ‡a(CZ PrNK)cpk20000840253
035 . ‡a(OCoLC)44526729
040 . ‡aABA001 ‡bcze
0411 . ‡acze ‡heng
072 7. ‡a821.111-2 ‡xAnglické drama, anglicky psané ‡2Konspekt ‡925
080 . ‡a821.111-2 ‡2MRF
080 . ‡a(0:82-22) ‡2MRF
1001 . ‡aShakespeare, William, ‡d1564-1616 ‡7jn19981002129 ‡4aut
24010. ‡aAs you like it. ‡lČesky
24510. ‡aJak se vám líbí / ‡cWilliam Shakespeare ; přeložil Martin Hilský
250 . ‡a1. vyd. v tomto souboru
260 . ‡aPraha : ‡bEvropský literární klub : ‡bEuromedia Group - Knižní klub, ‡c1999
300 . ‡a119 s. ; ‡c20 cm
4901 . ‡aSouborné dílo ; ‡vsv. 3
500 . ‡aPřeloženo z angličtiny
655 7. ‡aanglická dramata ‡7fd131806 ‡2czenas
655 7. ‡akomedie ‡7fd132576 ‡2czenas
655 9. ‡aEnglish drama ‡2eczenas
655 9. ‡acomedies ‡2eczenas
7001 . ‡aHilský, Martin, ‡d1943- ‡7jk01041063 ‡4trl ‡4aft
830 0. ‡aSouborné dílo (William Shakespeare)
910 . ‡aABE463
998 . ‡a000840253
901 . ‡a21242 ‡b ‡c21242 ‡tbiblio

Additional Resources